Nizozemsko /

Main Author: Ver Berkmoes, Ryan
Other Authors: Zimmerman, Karla
Language: Czech
Published: Praha : Svojtka & Co., 2010
Edition: 1. české vyd.
Series: Z řady průvodců Lonely Planet
Physical Description: 365 s. : barev. il., mapy, plány ; 20 cm
Book
Saved in:
LEADER 01547nam a2200445 a 4500
001 nkc20102157193
003 CZ PrNK
005 20110428085939.0
007 ta
008 101217s2010 xr abe g f 001 0 cze
015 |a cnb002157193 
020 |a 978-80-256-0430-4  |q (brož.) 
035 |a (OCoLC)703551582 
040 |a ABA001  |b cze 
041 1 |a cze  |h eng 
043 |a e-ne--- 
072 7 |a 913(4)  |x Geografie Evropy, reálie, cestování  |2 Konspekt  |9 7 
080 |a 913(492)  |2 MRF 
080 |a (036)913  |2 MRF 
100 1 |a Ver Berkmoes, Ryan  |7 osa2009541963  |4 aut 
245 1 0 |a Nizozemsko /  |c Ryan Ver Berkomoes, Karla Zimmerman ; [překlad Milica Kolářová, Daniela Orlando] 
250 |a 1. české vyd. 
260 |a Praha :  |b Svojtka & Co.,  |c 2010 
300 |a 365 s. :  |b barev. il., mapy, plány ;  |c 20 cm 
490 1 |a Z řady průvodců Lonely Planet 
500 |a Přeloženo z angličtiny 
500 |a Nizozemsko-české slovníky 
504 |a Obsahuje bibliografické odkazy a rejstřík 
655 7 |a turistické průvodce  |7 fd133738  |2 czenas 
655 9 |a tourist guidebooks  |2 eczenas 
651 7 |a Nizozemsko  |7 ge128525  |2 czenas 
651 9 |a Netherlands  |2 eczenas 
700 1 |a Zimmerman, Karla  |7 xx0095045  |4 aut 
765 0 |t Netherlands  |9 Česky 
830 0 |a Z řady průvodců Lonely Planet  |0 s 
910 2 |a BOA001  |b 1-1258.867 
990 |a BK 
995 |a 01 
991 |b 201102  |c NOV  |e n  |j 913(4) PRU NIZ 
996 6 |b 2610462059  |c 1-1258.867  |l MZK  |r Sklad / do 1 hodiny  |n 9  |p p.v.  |w 001165918  |u 000010  |a 1  |e BOA001  |j MZK50  |s P